000 00576nam a2200229Ia 4500
003 OSt
005 20220918231543.0
006 a|||||r|||| 00| 0
007 ta
008 220917b |||||||| |||| 00| 0 eng d
024 _a308,339
037 _cTextual
040 _aARTS
_cARTS
_benu
041 _2enu
_aenu
082 _aO111,3M56,27, 168L2
100 _aRiderhaggard
_9155093
245 0 _aLala e sehra
260 _c1972
650 _aENGLISH LITERATURE
942 _hO111,3M56,27, 168L2
_cTEXL
_2CC
999 _c291691
_d291691